[Event "FRA-ch op-D"]
[Site "Albi"]
[Date "2022.08.18"]
[Round "6"]
[White "Gandreuil, Brice"]
[Black "Bezza, Zakaria"]
[Result "1-0"]
[WhiteElo "1516"]
[BlackElo "1445"]
[PlyCount "33"]
[EventDate "2022.08.13"]
[EventType "swiss"]
[EventRounds "9"]
[EventCountry "FRA"]
[SourceTitle "CBM 210 Extra"]
[Source "ChessBase"]
[SourceDate "2022.11.30"]
[SourceVersion "1"]
[SourceVersionDate "2022.11.30"]
[SourceQuality "1"]

1. e4 d5 2. exd5 Nf6 3. d4 Bg4 4. f3 Bf5 5. g4 Bg6 6. c4 e6 7. Nc3 exd5 8. g5 Nh5 9. f4 Qe7+ 10. Be2 dxc4 11. Kf2 Be4 12. Nxe4 Qxe4 13. Nh3 g6 14. Bxh5 gxh5 15. Re1 Qxe1+ 16. Qxe1+ Kd7 17. Qe5 1-0

[Event "Cappelle Online Bullet op"]
[Site "Europe Echecs INT"]
[Date "2021.03.05"]
[Round "3"]
[White "Ballester, Alexandre"]
[Black "Gandreuil, Brice"]
[Result "1-0"]
[WhiteElo "2099"]
[BlackElo "1488"]
[PlyCount "81"]
[EventDate "2021.03.05"]
[EventType "swiss (blitz)"]
[EventRounds "15"]
[EventCountry "FRA"]
[SourceTitle "EXT 2022"]
[Source "ChessBase"]
[SourceDate "2021.10.06"]
[SourceVersion "1"]
[SourceVersionDate "2021.10.06"]
[SourceQuality "1"]

1. e4 e6 2. Nc3 d5 3. d4 dxe4 4. Nxe4 Nc6 5. Bg5 Bd7 6. Bxd8 Rxd8 7. Bd3 Nf6 8. Nf3 Be7 9. Qe2 0-0 10. 0-0 Nd5 11. g3 Kh8 12. c3 Kg8 13. h3 Nb6 14. Rad1 Kh8 15. Bb1 Nd5 16. Qc2 g6 17. Nfg5 Nf6 18. Nxf6 Bxf6 19. h4 Bg7 20. Nf3 Kg8 21. Ne5 Ne7 22. Nxd7 Rxd7 23. h5 Rfd8 24. hxg6 hxg6 25. c4 Rxd4 26. b3 Rxd1 27. Rxd1 Rf8 28. Rd7 Nf5 29. Rxc7 Nd4 30. Qe4 f5 31. Qxb7 Ne2+ 32. Kf1 Nxg3+ 33. fxg3 Bf6 34. Bd3 Rd8 35. Ke2 e5 36. c5 e4 37. Bc4+ Kf8 38. Rf7+ Kg8 39. Rxf6+ Kh8 40. Rxg6 f4 41. Qg7# 1-0

[Event "Cappelle Online Blitz op 1st"]
[Site "Europe Echecs INT"]
[Date "2021.01.10"]
[Round "9"]
[White "Schippke, Manon"]
[Black "Gandreuil, Brice"]
[Result "1-0"]
[WhiteElo "1904"]
[BlackElo "1488"]
[PlyCount "53"]
[EventDate "2021.01.10"]
[EventType "swiss (blitz)"]
[EventRounds "11"]
[EventCountry "FRA"]
[SourceTitle "CBM 200 Extra"]
[Source "ChessBase"]
[SourceDate "2021.03.31"]
[SourceVersion "1"]
[SourceVersionDate "2021.03.31"]
[SourceQuality "1"]

1. e4 e6 2. d3 d5 3. Qe2 Nf6 4. Nf3 c5 5. g3 Nc6 6. Bg2 Be7 7. 0-0 0-0 8. e5 Nd7 9. c4 d4 10. Bf4 Rb8 11. h4 b5 12. b3 bxc4 13. bxc4 Bb7 14. Nbd2 Nb4 15. Ne4 Qa5 16. h5 Qa3 17. Rfd1 Bc6 18. h6 g6 19. Nh2 Ba4 20. Rd2 f5 21. exf6 Nxf6 22. Nxf6+ Bxf6 23. Qxe6+ Kh8 24. Bxb8 Qc3 25. Re1 Qxd2 26. Qxf6+ Kg8 27. Qg7# 1-0

[Event "FRA-ch Blitz Online Qual"]
[Site "Europe Echecs INT"]
[Date "2020.05.16"]
[Round "5"]
[White "Gandreuil, Brice"]
[Black "Percheron, Andre"]
[Result "1-0"]
[WhiteElo "1500"]
[BlackElo "1846"]
[PlyCount "77"]
[EventDate "2020.05.16"]
[EventType "swiss (blitz)"]
[EventRounds "15"]
[EventCountry "FRA"]
[SourceTitle "CBM 196 Extra"]
[Source "ChessBase"]
[SourceDate "2020.07.31"]
[SourceVersion "1"]
[SourceVersionDate "2020.07.31"]
[SourceQuality "1"]

1. e4 c5 2. Nc3 Nc6 3. g3 g6 4. Bg2 Bg7 5. d3 d6 6. f4 Nf6 7. Nf3 0-0 8. 0-0 Rb8 9. h3 b5 10. g4 b4 11. Ne2 e5 12. f5 d5 13. Ng3 c4 14. g5 Qb6+ 15. Kh1 dxe4 16. dxe4 Ne8 17. f6 Bh8 18. h4 Ba6 19. c3 Rd8 20. Qe1 b3 21. Be3 Qb8 22. a3 Nc7 23. h5 Ne6 24. hxg6 fxg6 25. Bh3 Bc8 26. Bxe6+ Bxe6 27. Bc5 Rf7 28. Rd1 Rfd7 29. Rxd7 Rxd7 30. Qe2 Bf7 31. Nh4 Nd8 32. Qg4 Ne6 33. Rd1 Rxd1+ 34. Qxd1 Nxc5 35. Ngf5 Na6 36. Nh6+ Kf8 37. Qd7 Qe8 38. Qd6+ Qe7 39. Qxe7# 1-0